Países limítrofes con capitales lejanas - Estadísticas

Estadísticas generales
  • Esta prueba ha sido intentada 2.580 veces
  • La puntuación promedio es 20 de 27
Estadísticas de respuestas
País % Correcto
China
97%
Rusia
97%
Brasil
92%
India
91%
Estados Unidos
90%
Mongolia
89%
México
85%
Francia
84%
Kazajistán
84%
Colombia
83%
Corea del Norte
81%
Venezuela
81%
Nepal
79%
Perú
79%
Pakistán
78%
Surinam
72%
Kirguistán
70%
Tayikistán
70%
Afganistán
69%
Bután
69%
Laos
68%
Myanmar
63%
Indonesia
52%
Argelia
44%
Papua Nueva Guinea
42%
Malí
39%
Mauritania
37%
No se encontraron pruebas coincidentes
Distribución de puntuación
Porcentaje de gente con cada puntuación
Porcentaje por número respondido
Historial de tus puntuaciones
No has intentado esta prueba.